000 00285nam a2200133Ia 4500
100 _aUNCTAD/D.L.Shah Trust
942 _cBK
654 _aBenchmarking
245 _aBenchmarking & Process Improvement
260 _bD
_aNONE
_c1998
300 _a120
546 _aENGLISH
999 _c19095
_d19095